书目信息 |
| 题名: |
计算流体动力学
|
|
| 作者: | 程心一 著 | |
| 分册: | ||
| 出版信息: | 北京 科学出版社 1984 |
|
| 页数: | 214页 | |
| 开本: | 21cm | |
| 丛书名: | 力学丛书 | |
| 单 册: | ||
| 中图分类: | O351.2 | |
| 科图分类: | ||
| 主题词: | 计算流体力学 | |
| 电子资源: | ||
| ISBN: | ||
| 000 | 00781nam2 2200277 45 | |
| 001 | 0184002769 | |
| 005 | 20040920085706.1 | |
| 010 | @dCNY1.30 | |
| 091 | @a13031.2692 | |
| 100 | @a19950516d1984 em y0chiy0121 ea | |
| 101 | 0 | @achi |
| 102 | @aCN@b110000 | |
| 105 | @ay z 000yy | |
| 106 | @ar | |
| 200 | 10 | @a计算流体动力学@Aji suan liu ti dong li xue@e偏微分方程的数值解法@f程心一著 |
| 210 | @a北京@c科学出版社@d1984 | |
| 215 | @a214页@d21cm | |
| 225 | 2 | @a力学丛书 |
| 410 | 0 | @120010@a力学丛书 |
| 517 | 1 | @a偏微分方程的数值解法@Apian wei fen fang cheng de shu zhi jie fa |
| 606 | @a计算流体力学 | |
| 690 | @aO351.2@v3 | |
| 701 | 0 | @a程心一@Acheng xin yi@4著 |
| 801 | 0 | @aCN@b上海图书馆@c20040920 |
| 801 | 2 | @aCN@bNLC@c20040920 |
| 905 | @f1@b125243@dO351.2@e18 | |
| 计算流体动力学:偏微分方程的数值解法/程心一著.-北京:科学出版社,1984 |
| 214页;21cm.-(力学丛书) |
| ISBN :CNY1.30 |
| ● |
| 相关链接 |
|
|
|
|
正题名:计算流体动力学
索取号:O351.2/18
 
预约/预借
| 序号 | 登录号 | 条形码 | 馆藏地/架位号 | 状态 | 备注 |
| 1 | 0125243 | 001959429 | 第三借阅区/ [索取号:O351.2/18] | 在馆 | |
| 2 | 0125244 | 000386291 | 第二样本阅览室/ [索取号:O351.2/18] | 在馆 |